000 00746nas a2200253 4500
001 BR2014002090
003 BR-BrBNA
005 20231205123919.0
007 ta
008 230509b bl.|||p| |||| 00| 00por d
040 _aBR-BrBNA
_bpor
_cBiblioteca Nacional de Agricultura
041 _a(Pt)
072 _aE71
100 1 _aSerigati, F.
245 1 _aExportações do agronegócio: o colchão de segurança
650 _aAGRONEGÓCIO
650 _aPOLÍTICA MONETÁRIA
650 _aBALANÇO COMERCIAL
650 _aCOMÉRCIO EXTERIOR
650 _aEXPORTAÇÃO
773 0 _tAgroanalysis (Brazil)
_xISSN 0100-4298
_g(Dec 2013), V. 33(12) p. 13-14
_wBR2014002090
909 _a202311
_bLúcia
_c55
_dLúcia Elande
942 _2AGRIS
_n0
_cANA
999 _c236351
_d236351